[Event "Euskadi-ch"]
[Site "Getxo"]
[Date "2022.04.21"]
[Round "5.6"]
[White "Ruiz Turrillas, Alfredo"]
[Black "Elexpe Garcia, Aritz Eder"]
[Result "1/2-1/2"]
[WhiteElo "1756"]
[BlackElo "1854"]
[PlyCount "70"]
[EventDate "2022.04.19"]
[EventType "swiss"]
[EventRounds "5"]
[EventCountry "ESP"]
[SourceTitle "EXT 2024"]
[Source "ChessBase"]
[SourceDate "2023.10.10"]
[SourceVersion "1"]
[SourceVersionDate "2023.10.10"]
[SourceQuality "1"]

1. e4 c5 2. Bc4 Nc6 3. Nf3 Nf6 4. e5 Ng8 5. 0-0 g6 6. c3 Bg7 7. d4 cxd4 8. cxd4 d5 9. exd6 Qxd6 10. Qb3 Nd8 11. Nc3 Nf6 12. Nb5 Qb8 13. Ne5 0-0 14. Bf4 Nh5 15. Nxf7 Nxf4 16. Nxd8+ e6 17. Nxe6 Bxe6 18. Bxe6+ Nxe6 19. Qxe6+ Kh8 20. Rad1 Qf4 21. g3 Qf3 22. Qe3 Qc6 23. Nc3 Rf3 24. d5 Qf6 25. Qc5 b6 26. Qc6 Qxc6 27. dxc6 Bxc3 28. Kg2 Rf6 29. bxc3 Rxc6 30. Rd3 Rac8 31. Rfd1 Rxc3 32. Rxc3 Rxc3 33. Rd8+ Kg7 34. Rd7+ Kg8 35. Rd8+ Kg7 1/2-1/2

[Event "ESP-ch U18"]
[Site "Salobrena"]
[Date "2019.07.27"]
[Round "9"]
[White "Abian Lopez, Marta"]
[Black "Elexpe Garcia, Aritz Eder"]
[Result "1-0"]
[WhiteElo "1446"]
[BlackElo "1881"]
[PlyCount "123"]
[EventDate "2019.07.22"]
[EventType "swiss"]
[EventRounds "9"]
[EventCountry "ESP"]
[SourceTitle "CBM 191 Extra"]
[Source "ChessBase"]
[SourceDate "2019.09.30"]
[SourceVersion "1"]
[SourceVersionDate "2019.09.30"]
[SourceQuality "1"]

1. d4 d5 2. c4 e6 3. Nc3 Nf6 4. Nf3 Be7 5. e3 0-0 6. Bd3 a6 7. cxd5 exd5 8. 0-0 c6 9. h3 Re8 10. Bd2 Be6 11. Qc2 Nbd7 12. Ne5 Nf8 13. Ne2 Bd6 14. Nf4 Qc7 15. Nxe6 Nxe6 16. f4 c5 17. Bc3 c4 18. Be2 Ne4 19. Bf3 f5 20. Bxe4 dxe4 21. Qd2 b5 22. Bb4 Qb6 23. Bxd6 Qxd6 24. a3 Nc7 25. Qe2 Nd5 26. Rfe1 Rec8 27. Rac1 Rc7 28. Qc2 c3 29. bxc3 Rxc3 30. Qb2 Rxe3 31. Rxe3 Nxe3 32. Rc6 Nc4 33. Rxd6 Nxb2 34. Rc6 Nd3 35. g3 g6 36. d5 Rd8 37. d6 Nxe5 38. fxe5 Kf7 39. Rc7+ Ke6 40. Re7+ Kd5 41. d7 a5 42. e6 Kd6 43. Re8 Kc7 44. e7 Rxd7 45. Rc8+ Kxc8 46. e8Q+ Kc7 47. Qe5+ Kc6 48. Qe8 b4 49. Qa8+ Kd6 50. Qxa5 bxa3 51. Qxa3+ Ke6 52. Qa2+ Kf6 53. Kf2 Rd3 54. Qa1+ Kf7 55. Qa7+ Kg8 56. Ke2 Rf3 57. Qc7 Rd3 58. h4 h5 59. Qe7 Rf3 60. Qf6 Kh7 61. Qf7+ Kh6 62. Qg8 1-0

[Event "Euskadi-ch U18"]
[Site "Eibar"]
[Date "2019.04.27"]
[Round "7"]
[White "De Las Heras Figueroa, Rodrigo"]
[Black "Elexpe Garcia, Aritz Eder"]
[Result "0-1"]
[WhiteElo "1918"]
[BlackElo "1800"]
[PlyCount "56"]
[EventDate "2019.04.23"]
[EventType "swiss"]
[EventRounds "7"]
[EventCountry "ESP"]
[SourceTitle "EXT 2020"]
[Source "ChessBase"]
[SourceDate "2019.10.17"]
[SourceVersion "1"]
[SourceVersionDate "2019.10.17"]
[SourceQuality "1"]

1. d4 d5 2. c4 e5 3. dxe5 d4 4. Nf3 Nc6 5. a3 Bg4 6. Nbd2 Nge7 7. b4 Ng6 8. Bb2 Qe7 9. Nxd4 Ncxe5 10. Qb3 0-0-0 11. h3 Bxe2 12. Bxe2 Nf4 13. Kf1 Nxe2 14. Kxe2 Nc6+ 15. Kd3 Nxd4 16. Bxd4 Qd7 17. Qc3 c5 18. bxc5 Bxc5 19. Nf3 Rhe8 20. g4 Qe6 21. Kc2 Bxd4 22. Nxd4 Qe4+ 23. Kb3 Qxd4 24. Rad1 Qb6+ 25. Qb4 Qxf2 26. Rhf1 Re3+ 27. Ka4 Qc2+ 28. Ka5 Re5+ 0-1

[Event "Bizkaia-ch U18"]
[Site "Spain"]
[Date "2019.01.03"]
[Round "?"]
[White "Caballero Acosta, Erlantz"]
[Black "Elexpe Garcia, Aritz Eder"]
[Result "1/2-1/2"]
[WhiteElo "1775"]
[BlackElo "1886"]
[PlyCount "66"]
[EventDate "2018.12.27"]
[EventType "swiss"]
[EventRounds "5"]
[EventCountry "ESP"]
[SourceTitle "EXT 2024"]
[Source "ChessBase"]
[SourceDate "2023.10.10"]
[SourceVersion "1"]
[SourceVersionDate "2023.10.10"]
[SourceQuality "1"]

1. Nf3 c5 2. e4 Nc6 3. d4 cxd4 4. Nxd4 e5 5. Nf3 Nf6 6. Bd3 d5 7. Qe2 dxe4 8. Bxe4 Nxe4 9. Qxe4 f5 10. Qe2 Bd6 11. 0-0 0-0 12. Rd1 Qc7 13. h3 e4 14. Qc4+ Kh8 15. Ng5 Qe7 16. Nc3 h6 17. Nf7+ Rxf7 18. Rxd6 Qxd6 19. Qxf7 Bd7 20. Bf4 Qxf4 21. Qxd7 Rd8 22. Qxb7 Rd2 23. Rf1 Ne5 24. Nd5 Nf3+ 25. gxf3 Qg5+ 26. Kh1 exf3 27. Rg1 Rd1 28. Qb8+ Kh7 29. Qg3 Qxg3 30. fxg3 Rxd5 31. Rf1 Rd2 32. Rxf3 Rxc2 33. Rxf5 Rxb2 1/2-1/2

[Event "Getxo op 3rd"]
[Site "Getxo"]
[Date "2018.09.08"]
[Round "1"]
[White "Marchena Hurtado, Javier"]
[Black "Elexpe Garcia, Aritz Eder"]
[Result "1-0"]
[WhiteElo "2341"]
[BlackElo "1669"]
[PlyCount "47"]
[EventDate "2018.09.08"]
[EventType "swiss"]
[EventRounds "9"]
[EventCountry "ESP"]
[SourceTitle "EXT 2020"]
[Source "ChessBase"]
[SourceDate "2019.10.17"]
[SourceVersion "1"]
[SourceVersionDate "2019.10.17"]
[SourceQuality "1"]

1. d4 d5 2. c4 e6 3. Nf3 Nf6 4. g3 Nbd7 5. Bg2 Be7 6. 0-0 0-0 7. Qc2 c6 8. Nbd2 Qc7 9. e4 dxe4 10. Nxe4 Nxe4 11. Qxe4 c5 12. dxc5 Nxc5 13. Qe2 Bf6 14. Bf4 Qb6 15. Ne5 Bd7 16. Rad1 Bxe5 17. Bxe5 Bc6 18. Rd6 Rad8 19. Rfd1 Rxd6 20. Rxd6 f6 21. Bd4 e5 22. Bd5+ Kh8 23. Be3 Rc8 24. Qd2 1-0